[Event "RUS-chT"]
[Site "Tomsk"]
[Date "2001.05.21"]
[Round "8"]
[White "Popov, Valerij"]
[Black "Filippov, Valerij"]
[Result "0-1"]
[WhiteElo "2545"]
[BlackElo "2632"]
[PlyCount "84"]
[EventDate "2001.05.13"]
[Source "ChessBase"]
[SourceDate "2001.07.03"]

1. d4 Nf6 2. Nf3 d5 3. c4 e6 4. e3 a6 5. Nc3 dxc4 6. Bxc4 b5 7. Bb3 Bb7 8. Qe2 Nbd7 9. O-O c5 10. Rd1 Qb6 11. Bd2 Be7 12. a4 c4 13. Bc2 b4 14. a5 Qc7 15. Na4 O-O 16. Rdc1 Rfc8 17. Bb3 Bd5 18. Nb6 Nxb6 19. axb6 Qxb6 20. Bxc4 a5 21. b3 Ne4 22. Be1 a4 23. Bxd5 Rxc1 24. Rxc1 exd5 25. bxa4 Rxa4 26. Ne5 g6 27. Qc2 Qa6 28. Qc7 Qf6 29. Qb7 Ra2 30. Qxd5 Rxf2 31. Bxf2 Qxf2+ 32. Kh1 Ng5 33. Nf3 b3 34. Qb7 Ba3 35. Qa8+ Bf8 36. Rb1 Qc2 37. Qa1 Nxf3 38. gxf3 Qe2 39. Rf1 Qxe3 40. Qb2 Bb4 41. d5 Qd3 42. Rf2 Bc5 0-1

[Event "Reggio Emilia 8485"]
[Site "Reggio Emilia"]
[Date "1984.??.??"]
[Round "1"]
[White "Timman, Jan H"]
[Black "Garcia Martinez, Silvino"]
[Result "1-0"]
[WhiteElo "2650"]
[BlackElo "2500"]
[PlyCount "61"]
[EventDate "1984.12.??"]
[Source "ChessBase"]

1. d4 d5 2. c4 dxc4 3. Nf3 Nf6 4. e3 e6 5. Bxc4 c5 6. O-O a6 7. Qe2 b5 8. Bb3 Bb7 9. Rd1 Nbd7 10. e4 cxd4 11. e5 Nd5 12. Rxd4 Rc8 13. Bd2 Bc5 14. Rg4 g6 15. Nc3 h5 16. Rg3 Ne7 17. Ne4 Nf5 18. Rh3 Be7 19. Nd6+ Nxd6 20. exd6 Bf6 21. Rd1 Kf8 22. Bc3 Rc5 23. Nd4 Rg5 24. Rg3 Rxg3 25. fxg3 b4 26. Nxe6+ fxe6 27. Bxf6 Nxf6 28. Qxe6 Kg7 29. Qf7+ Kh6 30. Qxb7 Qa5 31. Qa7 1-0

[Event "Bled/Rogaska Slatina"]
[Site "Bled"]
[Date "1991.??.??"]
[Round "5"]
[White "Hulak, Krunoslav"]
[Black "Nikolic, Predrag"]
[Result "1/2-1/2"]
[WhiteElo "2520"]
[BlackElo "2620"]
[PlyCount "35"]
[EventDate "1991.06.??"]
[Source "ChessBase"]

1. d4 d5 2. c4 dxc4 3. Nf3 Nf6 4. e3 e6 5. Bxc4 a6 6. O-O c5 7. Qe2 b5 8. Bb3 Bb7 9. Rd1 Nbd7 10. Nc3 Qb6 11. d5 exd5 12. Bxd5 Bxd5 13. Nxd5 Nxd5 14. Rxd5 Rd8 15. e4 Be7 16. Be3 Qb7 17. Rad1 O-O 18. e5 1/2-1/2

[Event "4th IECC"]
[Site "Istanbul"]
[Date "2003.06.11"]
[Round "11"]
[White "Istratescu, Andrei"]
[Black "Sturua, Zurab"]
[Result "1-0"]
[WhiteElo "2593"]
[BlackElo "2545"]
[PlyCount "66"]
[EventDate "2003.05.30"]
[Source "Roberto Alvarez"]
[SourceDate "2003.06.23"]

1. d4 Nf6 2. c4 e6 3. Nf3 d5 4. Nc3 dxc4 5. e3 a6 6. Bxc4 b5 7. Bb3 Bb7 8. O-O c5 9. Qe2 Nbd7 10. Rd1 Qb6 11. a4 c4 12. Bc2 b4 13. a5 Qc7 14. Na4 Qxa5 15. e4 Rc8 16. Bg5 b3 17. Bb1 Bb4 18. Bd2 Qb5 19. Bxb4 Qxb4 20. Nc3 Nb6 21. d5 exd5 22. e5 Ne4 23. Nxe4 dxe4 24. Bxe4 Qe7 25. Rd6 Na8 26. Nd4 g6 27. Bc6+ Bxc6 28. Nxc6 Qb7 29. e6 O-O 30. Qxc4 Nb6 31. exf7+ Rxf7 32. Qe6 Qc7 33. Ne5 Nc4 1-0

[Event "Dubai op"]
[Site "Dubai"]
[Date "2002.04.16"]
[Round "2"]
[White "Vladimirov, Evgeny"]
[Black "Sorokin, Maxim"]
[Result "1/2-1/2"]
[WhiteElo "2605"]
[BlackElo "2531"]
[PlyCount "47"]
[EventDate "2002.04.15"]
[Source "ChessBase"]
[SourceDate "2002.05.03"]

1. d4 d5 2. c4 dxc4 3. Nf3 e6 4. e3 c5 5. Bxc4 a6 6. O-O Nf6 7. Qe2 b5 8. Bb3 Bb7 9. a4 b4 10. Nbd2 Be7 11. a5 Nbd7 12. Nc4 Qc7 13. Bd2 Bd5 14. Rfc1 Qb7 15. Ba4 O-O 16. Nfe5 Rfd8 17. f3 cxd4 18. exd4 Rac8 19. Be3 Nxe5 20. dxe5 Rxc4 21. Rxc4 Bxc4 22. Qxc4 Nd5 23. Qe4 Qc7 24. Bc2 1/2-1/2

[Event "Novi Sad (ol)"]
[Site "?"]
[Date "1990.??.??"]
[Round "?"]
[White "Lobron, E."]
[Black "Nikolic, Pr"]
[Result "1/2-1/2"]
[WhiteElo "2535"]
[BlackElo "2600"]
[PlyCount "92"]
[EventDate "1990.??.??"]
[Source "ChessBase"]
[SourceDate "1990.07.01"]

1. d4 d5 2. c4 c6 3. Nc3 Nf6 4. e3 e6 5. Nf3 a6 6. Bd3 dxc4 7. Bxc4 c5 8. O-O b5 9. Bb3 Bb7 10. Qe2 Nbd7 11. Rd1 Qb6 12. d5 e5 13. Bc2 c4 14. Bf5 Bd6 15. Bxd7+ Nxd7 16. e4 Bc5 17. Rb1 O-O 18. b4 Bd4 19. Qd2 Bxc3 20. Qxc3 f5 21. Be3 Qf6 22. Nd2 f4 23. Bc5 Rfc8 24. f3 Nxc5 25. bxc5 Rxc5 26. Nb3 Rc7 27. Na5 Rb8 28. d6 Rd7 29. Qb4 Rbd8 30. a4 Ba8 31. axb5 axb5 32. Qxb5 Rxd6 33. Qxc4+ Kh8 34. Rxd6 Qxd6 35. Qc3 h6 36. h3 Kh7 37. Kh2 Qf6 38. Ra1 Qg5 39. Qe1 Rc8 40. Rc1 Qg3+ 41. Kg1 Rc2 42. Qf1 Bxe4 43. Rxc2 Bxc2 44. Qe2 e4 45. Qxc2 Qe1+ 46. Kh2 Qg3+ 1/2-1/2

[Event "Asia-chT"]
[Site "Shenyang"]
[Date "1999.10.11"]
[Round "2"]
[White "Sasikiran, Krishnan"]
[Black "Vladimirov, Evgeny"]
[Result "1/2-1/2"]
[WhiteElo "2536"]
[BlackElo "2598"]
[PlyCount "94"]
[EventDate "1999.10.10"]
[Source "www.chesslib.no"]
[SourceDate "2004.05.04"]

1. d4 d5 2. c4 dxc4 3. Nf3 Nf6 4. e3 e6 5. Bxc4 a6 6. O-O c5 7. Qe2 b5 8. Bb3 Bb7 9. a4 Nbd7 10. axb5 axb5 11. Rxa8 Qxa8 12. Nc3 b4 13. Nb5 Qb8 14. e4 cxd4 15. Nbxd4 Bc5 16. Rd1 O-O 17. Nxe6 fxe6 18. Bxe6+ Kh8 19. Bxd7 Bxe4 20. Be6 Bxf3 21. gxf3 Bd6 22. Qc4 Bxh2+ 23. Kg2 Bd6 24. Rh1 Qe8 25. Bf5 Nh5 26. Qe4 g6 27. Qxe8 Rxe8 28. Be4 Kg7 29. Rd1 Bf4 30. Be3 Bxe3 31. fxe3 Nf6 32. Rd4 b3 33. Rb4 Nxe4 34. fxe4 h5 35. Kf3 Kf6 36. Rxb3 Kg5 37. Rb6 Rf8+ 38. Kg2 Re8 39. Kf3 Rg8 40. b4 Rf8+ 41. Kg2 h4 42. Rd6 Kh5 43. e5 g5 44. e6 Re8 45. b5 Kg4 46. Rd4+ Kf5 47. Rd5+ Ke4 1/2-1/2

[Event "TCh-AUT 1st Bundesliga 2007-8"]
[Site "Baden AUT"]
[Date "2007.11.30"]
[Round "1"]
[White "Markos, J."]
[Black "Balogh, C."]
[Result "1/2-1/2"]
[WhiteElo "2565"]
[BlackElo "2562"]
[PlyCount "124"]
[EventDate "2007.11.30"]
[Source "www.chesslib.no"]
[SourceDate "2004.05.04"]

1. c4 Nf6 2. Nf3 e6 3. Nc3 d5 4. d4 dxc4 5. e3 a6 6. Bxc4 b5 7. Bb3 Bb7 8. O-O Nbd7 9. Qe2 c5 10. Rd1 Qb8 11. d5 c4 12. dxe6 fxe6 13. Bc2 Bd6 14. e4 O-O 15. Bg5 Ne5 16. Nxe5 Bxe5 17. g3 Qc7 18. a3 h6 19. Be3 Bxc3 20. bxc3 Nxe4 21. Qg4 Nxc3 22. Qxe6+ Qf7 23. Rd6 Qxe6 24. Rxe6 Rae8 25. Rxe8 Rxe8 26. Re1 Kf7 27. f4 Nd5 28. Bd2 Rxe1+ 29. Bxe1 Ne3 30. Bb1 h5 31. Bd2 Ng4 32. Bf5 Nf6 33. Ba5 g6 34. Bh3 Ne4 35. Bg2 Nd6 36. Bb4 Bxg2 37. Bxd6 c3 38. f5 Be4 39. Kf2 c2 40. Bf4 Bxf5 41. Ke1 Ke6 42. Kd2 Kd5 43. Kc3 a5 44. Bc1 Be4 45. Bd2 Ke5 46. Kb2 a4 47. h4 Kd4 48. Bb4 Ke3 49. Kc1 Kf3 50. Bd6 Kg4 51. Kd2 g5 52. hxg5 Kxg5 53. Kc1 Kg4 54. Kd2 b4 55. axb4 a3 56. b5 a2 57. Be5 Kf5 58. Bd4 Ke6 59. b6 Kd5 60. Ba1 Kc6 61. Bd4 Kd5 62. Ba1 Kc6 1/2-1/2

[Event "Cancan Veterans-Women"]
[Site "Roquebrune"]
[Date "1998.09.15"]
[Round "8"]
[White "Ioseliani, Nana"]
[Black "Kortschnoj, Viktor"]
[Result "0-1"]
[WhiteElo "2495"]
[BlackElo "2625"]
[PlyCount "74"]
[EventDate "1998.09.07"]
[Source "ChessBase"]
[SourceDate "1998.11.30"]

1. d4 d5 2. c4 dxc4 3. e3 Nf6 4. Nf3 e6 5. Bxc4 c5 6. O-O a6 7. Qe2 b5 8. Bb3 Bb7 9. a4 b4 10. Nbd2 Nbd7 11. a5 Be7 12. e4 cxd4 13. e5 Nd5 14. Ne4 O-O 15. Qd3 Rc8 16. Qxd4 Nc5 17. Nxc5 Rxc5 18. Qg4 Kh8 19. Bg5 f6 20. Bd2 fxe5 21. Nxe5 Nc7 22. Nc4 Rxc4 23. Qxc4 Bd5 24. Qd3 Bxb3 25. Qxb3 Qxd2 26. Rad1 Qe2 27. Qg3 Nd5 28. Rde1 Nf4 29. Qxf4 Qxf1+ 30. Kxf1 Rxf4 31. Rxe6 Bc5 32. Rxa6 Rxf2+ 33. Ke1 h5 34. Rc6 Rf5 35. Kd2 Bg1 36. a6 Rf2+ 37. Kd3 Rxb2 0-1

[Event "DEN-ch"]
[Site "Horsens"]
[Date "2003.04.18"]
[Round "7"]
[White "Palo, Davor"]
[Black "Nielsen, Peter Heine"]
[Result "1/2-1/2"]
[WhiteElo "2483"]
[BlackElo "2625"]
[PlyCount "32"]
[EventDate "2003.04.12"]
[Source "ChessBase"]
[SourceDate "2003.07.25"]

1. d4 Nf6 2. c4 e6 3. Nf3 d5 4. Nc3 dxc4 5. e3 a6 6. Bxc4 c5 7. O-O b5 8. Bb3 Bb7 9. Qe2 Nbd7 10. Rd1 Qb8 11. d5 exd5 12. Nxd5 Nxd5 13. Bxd5 Bxd5 14. Rxd5 Qb7 15. e4 Be7 16. Bg5 f6 1/2-1/2

[Event "Budapest FS10 GM"]
[Site "Budapest"]
[Date "1993.??.??"]
[Round "6"]
[White "Dao Thien Hai"]
[Black "Sadler, Matthew"]
[Result "1/2-1/2"]
[WhiteElo "2565"]
[BlackElo "2535"]
[PlyCount "64"]
[EventDate "1993.10.??"]
[Source "ChessBase"]

1. d4 d5 2. c4 dxc4 3. Nf3 a6 4. e3 Nf6 5. Bxc4 e6 6. O-O c5 7. Qe2 b5 8. Bb3 Bb7 9. Rd1 Nbd7 10. Nc3 Qb8 11. d5 Nxd5 12. Bxd5 exd5 13. Nxd5 Bxd5 14. Rxd5 Be7 15. e4 Qb7 16. Bg5 Nb6 17. Bxe7 Nxd5 18. Bxc5 Nf4 19. Qe3 Ne6 20. Bd6 f6 21. e5 Qd5 22. Qe1 Kf7 23. Rd1 Qxa2 24. exf6 gxf6 25. Qe4 Rhd8 26. Re1 Ng7 27. Qe7+ Kg8 28. Qxf6 Qf7 29. Qxf7+ Kxf7 30. Be5 Ne6 31. Bc3 Nf4 32. h4 Re8 1/2-1/2

[Event "Istanbul ol (Men)"]
[Site "Istanbul"]
[Date "2000.11.02"]
[Round "6"]
[White "Dao Thien Hai"]
[Black "Mikhalchishin, Adrian"]
[Result "1/2-1/2"]
[WhiteElo "2555"]
[BlackElo "2544"]
[PlyCount "25"]
[EventDate "2000.10.??"]
[Source "www.chesslib.no"]
[SourceDate "2004.05.04"]

1. d4 d5 2. c4 dxc4 3. Nf3 e6 4. e3 c5 5. Bxc4 a6 6. Qe2 b5 7. Bb3 Bb7 8. O-O Nf6 9. Rd1 Nbd7 10. a4 b4 11. a5 Be7 12. Nbd2 Qc7 13. Bc4 1/2-1/2

[Event "St Petersburg op"]
[Site "St Petersburg"]
[Date "1994.??.??"]
[Round "5"]
[White "Zvjaginsev, Vadim"]
[Black "Rublevsky, Sergei"]
[Result "1/2-1/2"]
[WhiteElo "2545"]
[BlackElo "2550"]
[PlyCount "27"]
[EventDate "1994.02.??"]
[Source "ChessBase"]

1. d4 d5 2. c4 dxc4 3. Nf3 a6 4. e3 Nf6 5. Bxc4 e6 6. O-O c5 7. Qe2 b5 8. Bb3 Bb7 9. a4 b4 10. Rd1 Nbd7 11. Nbd2 Qc7 12. Nc4 Be7 13. Bd2 O-O 14. Rac1 1/2-1/2

[Event "VII Gibtelecom Masters"]
[Site "Caleta ING"]
[Date "2009.01.28"]
[Round "2"]
[White "Zatonskih, A."]
[Black "Socko, B."]
[Result "0-1"]
[WhiteElo "2462"]
[BlackElo "2631"]
[PlyCount "64"]
[EventDate "2009.01.27"]
[Source "www.chesslib.no"]
[SourceDate "2004.05.04"]

1. d4 d5 2. c4 dxc4 3. e3 Nf6 4. Bxc4 e6 5. Nf3 c5 6. O-O a6 7. Qe2 b5 8. Bb3 Bb7 9. Rd1 Nbd7 10. Nc3 Qb6 11. a3 Rd8 12. Bc2 Be7 13. dxc5 Qxc5 14. e4 O-O 15. Bf4 Qh5 16. Rd2 Nc5 17. Rad1 Rxd2 18. Rxd2 Rc8 19. h3 h6 20. Qe3 g5 21. Bg3 a5 22. e5 Nd5 23. Nxd5 Bxd5 24. Nh2 Na4 25. Ng4 Nxb2 26. Qa7 Kf8 27. Qd7 Rd8 28. Qxb5 Nc4 29. Nf6 Bxf6 30. exf6 Nxd2 31. Qxa5 Nf3+ 32. Kf1 Bc4+ 0-1

[Event "SVK-ch"]
[Site "Kaskady"]
[Date "2002.07.04"]
[Round "8"]
[White "Markos, Jan"]
[Black "Landa, Konstantin"]
[Result "0-1"]
[WhiteElo "2467"]
[BlackElo "2623"]
[PlyCount "100"]
[EventDate "2002.06.27"]
[Source "ChessBase"]
[SourceDate "2002.09.20"]

1. d4 Nf6 2. c4 e6 3. Nf3 d5 4. Nc3 dxc4 5. e3 a6 6. Bxc4 b5 7. Bb3 Bb7 8. O-O Nbd7 9. Qe2 c5 10. Rd1 Qb8 11. d5 exd5 12. Nxd5 Nxd5 13. Bxd5 Bxd5 14. Rxd5 Be7 15. e4 Qb7 16. Bf4 O-O 17. Rad1 Nb6 18. R5d2 Rfe8 19. e5 Qc6 20. h4 Rad8 21. Bg5 Rxd2 22. Qxd2 Bf8 23. h5 h6 24. Bd8 Nc4 25. Qc3 Qc8 26. Bh4 Qe6 27. Bg3 Be7 28. Rd3 Nb6 29. b3 Nd5 30. Qc1 Rc8 31. Qd1 Nb4 32. Rd2 c4 33. Nd4 Qd7 34. Nc2 Qe8 35. e6 fxe6 36. Qg4 Bf8 37. Nxb4 Bxb4 38. Be5 Bf8 39. Rc2 Rc5 40. f4 cxb3 41. Rxc5 Bxc5+ 42. Kh2 Bf8 43. axb3 a5 44. Qd1 a4 45. bxa4 bxa4 46. g4 a3 47. Qd4 Qb5 48. Kg3 Qb3+ 49. Kh2 Qf3 50. Bd6 Qd5 0-1

[Event "II ch-Ibero-Americano"]
[Site "Linares SPA"]
[Date "2008.03.03"]
[Round "5"]
[White "Iturrizaga, Eduardo"]
[Black "Vescovi, Giovanni"]
[Result "1/2-1/2"]
[WhiteElo "2470"]
[BlackElo "2617"]
[PlyCount "59"]
[EventDate "2008.02.15"]
[Source "www.chesslib.no"]
[SourceDate "2004.05.04"]

1. d4 Nf6 2. Nf3 d5 3. c4 e6 4. Nc3 dxc4 5. e3 a6 6. Bxc4 b5 7. Bb3 Bb7 8. O-O c5 9. Qe2 Nbd7 10. Rd1 Qb8 11. d5 exd5 12. Nxd5 Nxd5 13. Bxd5 Bxd5 14. Rxd5 Be7 15. e4 Qb7 16. Bg5 f6 17. Bf4 O-O 18. Rad1 Nb6 19. R5d2 Rfe8 20. e5 Bf8 21. e6 Rac8 22. b3 Rc6 23. Bd6 Nc8 24. Bxf8 Rcxe6 25. Qd3 Rxf8 26. Qf5 Qb6 27. Rc2 Ne7 28. Qxc5 Qxc5 29. Rxc5 Nc6 30. Kf1 1/2-1/2

[Event "Pamplona"]
[Site "Pamplona"]
[Date "1991.??.??"]
[Round "3"]
[White "Granda Zuniga, Julio E"]
[Black "Magem Badals, Jordi"]
[Result "0-1"]
[WhiteElo "2595"]
[BlackElo "2490"]
[PlyCount "58"]
[EventDate "1991.12.??"]
[Source "ChessBase"]

1. d4 d5 2. c4 dxc4 3. e3 Nf6 4. Bxc4 e6 5. Nf3 c5 6. O-O a6 7. Qe2 b5 8. Bb3 Bb7 9. Nc3 Nbd7 10. Rd1 Qc7 11. d5 c4 12. dxe6 fxe6 13. Bc2 Bd6 14. Rd4 O-O 15. Rh4 Nc5 16. e4 e5 17. Bg5 h6 18. Bxf6 Rxf6 19. Nd5 Bxd5 20. exd5 Raf8 21. b4 cxb3 22. axb3 Qe7 23. Re4 Nxe4 24. Qxe4 Qa7 25. Qh7+ Kf7 26. Re1 Qc5 27. Re3 Qxd5 28. b4 Rc8 29. h4 e4 0-1

[Event "Europe vs Americas"]
[Site "Mermaid Beach"]
[Date "1998.02.01"]
[Round "7"]
[White "Vescovi, Giovanni P"]
[Black "Baburin, Alexander"]
[Result "1/2-1/2"]
[WhiteElo "2480"]
[BlackElo "2600"]
[PlyCount "48"]
[EventDate "1998.01.26"]
[Source "ChessBase"]
[SourceDate "1998.03.09"]

1. d4 d5 2. c4 dxc4 3. e3 e6 4. Bxc4 c5 5. Nf3 a6 6. O-O Nf6 7. Qe2 b5 8. Bb3 Bb7 9. Rd1 Nbd7 10. Nc3 Qb8 11. d5 Nxd5 12. Nxd5 Bxd5 13. Bxd5 exd5 14. Rxd5 Be7 15. e4 Qb7 16. Bg5 f6 17. Bf4 Nb6 18. Rad1 O-O 19. R5d2 Rae8 20. Nh4 c4 21. Nf5 Bb4 22. Rd4 Bc5 23. Nd6 Bxd6 24. Bxd6 Rf7 1/2-1/2

[Event "Villa Martelli"]
[Site "Villa Martelli"]
[Date "1997.06.06"]
[Round "6"]
[White "Ricardi, Pablo"]
[Black "Slipak, Sergio"]
[Result "1/2-1/2"]
[WhiteElo "2575"]
[BlackElo "2505"]
[PlyCount "43"]
[EventDate "1997.06.01"]
[Source "ChessBase"]
[SourceDate "1997.10.13"]

1. d4 d5 2. c4 dxc4 3. Nf3 Nf6 4. e3 e6 5. Bxc4 c5 6. O-O a6 7. Qe2 b5 8. Bb3 Bb7 9. Nc3 Nbd7 10. Rd1 Qb6 11. d5 Nxd5 12. Nxd5 Bxd5 13. Bxd5 exd5 14. Rxd5 Be7 15. b3 Rd8 16. Bb2 O-O 17. Rad1 Nf6 18. Rxd8 Rxd8 19. Rxd8+ Qxd8 20. Ne5 Qd5 21. f3 Nd7 22. e4 1/2-1/2

[Event "Leonid Stein mem-B"]
[Site "Lvov"]
[Date "2000.05.15"]
[Round "4"]
[White "Maksimenko, Andrei"]
[Black "Chernin, Alexander"]
[Result "1/2-1/2"]
[WhiteElo "2495"]
[BlackElo "2583"]
[PlyCount "35"]
[EventDate "2000.05.12"]
[Source "ChessBase"]
[SourceDate "2000.07.27"]

1. d4 Nf6 2. c4 e6 3. Nf3 b6 4. e3 Bb7 5. Bd3 d5 6. O-O dxc4 7. Bxc4 a6 8. Qe2 c5 9. Nc3 Nbd7 10. Rd1 b5 11. Bb3 Qc7 12. e4 cxd4 13. Nxd4 Nc5 14. e5 Nxb3 15. axb3 Nd7 16. Bf4 Qb6 17. Ne4 Rc8 18. Nf3 1/2-1/2

[Event "Kilkenny Masters"]
[Site "Kilkenny"]
[Date "1999.11.27"]
[Round "4"]
[White "Turner, Matthew"]
[Black "Baburin, Alexander"]
[Result "1/2-1/2"]
[WhiteElo "2478"]
[BlackElo "2593"]
[PlyCount "95"]
[EventDate "1999.11.26"]
[Source "ChessBase"]
[SourceDate "2000.01.11"]

1. d4 d5 2. c4 dxc4 3. e3 c5 4. Bxc4 e6 5. Nf3 a6 6. O-O Nf6 7. Qe2 b5 8. Bb3 Bb7 9. a4 Nbd7 10. axb5 axb5 11. Rxa8 Qxa8 12. Nc3 Bxf3 13. gxf3 b4 14. Nb5 Qb8 15. e4 cxd4 16. Nxd4 Bd6 17. h3 O-O 18. Rd1 Rc8 19. Be3 Nc5 20. Bc4 h6 21. Bb5 Bf8 22. Rc1 Qe5 23. Nb3 Nh5 24. Nxc5 Bxc5 25. Qd2 Kh7 26. f4 Bxe3 27. Rxc8 Bxf4 28. Qe2 Qg5+ 29. Kh1 Be5 30. Qf3 Nf4 31. Rc5 Qf6 32. b3 Bd6 33. e5 Bxe5 34. Qe4+ Ng6 35. Bd3 Bd4 36. Rc2 Bxf2 37. Kg2 Bh4 38. Qxb4 h5 39. Qc5 Kh6 40. Bxg6 Qxg6+ 41. Kh1 Qe4+ 42. Rg2 Bf6 43. Qc1+ g5 44. Qf1 Kg6 45. Qe2 Qb1+ 46. Kh2 Qxb3 47. Qe4+ Kg7 48. Rf2 1/2-1/2

[Event "RUS-ch"]
[Site "Elista"]
[Date "1995.??.??"]
[Round "6"]
[White "Filippov, Valerij"]
[Black "Yakovich, Yuri"]
[Result "1/2-1/2"]
[WhiteElo "2510"]
[BlackElo "2560"]
[PlyCount "67"]
[EventDate "1995.10.??"]
[Source "ChessBase"]

1. Nf3 d5 2. d4 Nf6 3. c4 dxc4 4. e3 e6 5. Bxc4 c5 6. O-O a6 7. Qe2 b5 8. Bb3 Bb7 9. a4 b4 10. Rd1 Nbd7 11. Nbd2 Qc7 12. Nc4 Be7 13. Nce5 O-O 14. Bd2 Nxe5 15. Nxe5 Bd6 16. f4 Bd5 17. Bxd5 exd5 18. dxc5 Qxc5 19. Rac1 Qa5 20. b3 Rfe8 21. Nc6 Qb6 22. Qd3 Rac8 23. Nd4 Bc5 24. Rc2 Bxd4 25. Rxc8 Rxc8 26. Qxd4 Qxd4 27. exd4 h5 28. Rc1 Rxc1+ 29. Bxc1 Ne4 30. Kf1 f6 31. Ke2 Kf7 32. Bd2 a5 33. Be1 Ke6 34. h3 1/2-1/2

[Event "Ptuj"]
[Site "Ptuj CRO"]
[Date "1995.??.??"]
[Round "11"]
[White "Cebalo, Miso"]
[Black "Mikhalchishin, Adrian B"]
[Result "1/2-1/2"]
[WhiteElo "2570"]
[BlackElo "2500"]
[PlyCount "149"]
[EventDate "1995.??.??"]
[Source "www.chesslib.no"]
[SourceDate "2004.05.04"]

1. d4 d5 2. c4 dxc4 3. Nf3 Nf6 4. e3 e6 5. Bxc4 c5 6. O-O a6 7. Qe2 b5 8. Bb3 Bb7 9. a4 b4 10. Rd1 Be7 11. dxc5 Qc7 12. e4 Nxe4 13. Be3 Nxc5 14. Bxc5 Qxc5 15. Nbd2 Nd7 16. Rac1 Qf5 17. Bc2 Qf4 18. g3 Qg4 19. Kg2 Nf6 20. h3 Qh5 21. g4 Qh6 22. Bb3 Qf4 23. Kg1 O-O 24. Rc4 Qb8 25. Ne5 Bd5 26. g5 Bd6 27. gxf6 Bxe5 28. fxg7 Bxg7 29. Rg4 Kh8 30. Bxd5 exd5 31. Nf3 Qd6 32. Qd3 f5 33. Rg5 Bxb2 34. Kh1 Bc3 35. Rxf5 Rxf5 36. Qxf5 Rf8 37. Qh5 Qg6 38. Qxd5 Qf5 39. Qxf5 Rxf5 40. Kg2 Kg7 41. Nd4 Ra5 42. Nb3 Rxa4 43. Rd7+ Kg6 44. Rd6+ Kf5 45. Nc5 Ra1 46. Kf3 a5 47. Rd5+ Kf6 48. Nb3 Ra3 49. Nxa5 b3 50. Nxb3 Rxb3 51. Rd6+ Ke5 52. Rd3 h6 53. Kg2 Ke4 54. Rg3 Kd4 55. Re3 Rb6 56. Rg3 Bd2 57. Rf3 Ke4 58. Ra3 Rg6+ 59. Rg3 Rc6 60. Rf3 Bf4 61. Ra3 Rg6+ 62. Kf1 Be5 63. Re3+ Kf4 64. Rg3 Rd6 65. Kg2 Kf5 66. Rf3+ Bf4 67. Ra3 Rg6+ 68. Kf1 Bh2 69. Ke2 Rg1 70. Rd3 Kg5 71. Rd1 Rxd1 72. Kxd1 Kf4 73. Ke2 h5 74. Kf1 Kf3 75. h4 1/2-1/2

[Event "Synthesia Rapid Open"]
[Site "Pardubice CEC"]
[Date "2007.07.18"]
[Round "5"]
[White "Laznicka, V."]
[Black "Zilberman, Y."]
[Result "1-0"]
[WhiteElo "2594"]
[BlackElo "2473"]
[PlyCount "98"]
[EventDate "2007.07.18"]
[Source "www.chesslib.no"]
[SourceDate "2004.05.04"]

1. d4 d5 2. c4 dxc4 3. Nf3 Nf6 4. e3 e6 5. Bxc4 c5 6. O-O a6 7. Qe2 b5 8. Bb3 Bb7 9. Nc3 Nbd7 10. Rd1 Be7 11. e4 cxd4 12. Nxd4 Qb8 13. Bxe6 fxe6 14. Nxe6 Kf7 15. Bf4 Ne5 16. Ng5+ Kg8 17. Nd5 Nxd5 18. exd5 Bxg5 19. Bxe5 Qe8 20. Rd4 Rd8 21. Rad1 h6 22. d6 Rd7 23. R1d3 Kh7 24. f4 Bf6 25. Re3 Qg6 26. f5 Qf7 27. Bxf6 Qxf6 28. Qd3 Rf8 29. Re7 Bc6 30. Rg4 Rg8 31. Re6 Qxb2 32. f6+ g6 33. h4 h5 34. Rg5 Qc1+ 35. Kh2 Qf4+ 36. Kh3 Kh6 37. f7 Qxf7 38. Qe3 Kg7 39. Rge5 Kh8 40. Qc3 Bxg2+ 41. Kxg2 Rg7 42. Re2 Qf5 43. Qd4 Kh7 44. Rf6 Qb1 45. Ref2 Qc1 46. Qe4 Qc5 47. Rd2 b4 48. Re6 a5 49. Re5 Qc8 1-0

[Event "Cutro"]
[Site "Cutro"]
[Date "1998.05.02"]
[Round "9"]
[White "Chatalbashev, Boris"]
[Black "Drasko, Milan"]
[Result "1-0"]
[WhiteElo "2550"]
[BlackElo "2515"]
[PlyCount "63"]
[EventDate "1998.06.??"]
[Source "www.chesslib.no"]
[SourceDate "2004.05.04"]

1. d4 d5 2. c4 dxc4 3. Nf3 a6 4. e3 e6 5. Bxc4 c5 6. O-O Nf6 7. Qe2 b5 8. Bb3 Bb7 9. a4 b4 10. Nbd2 Nbd7 11. Nc4 Qc7 12. Bd2 Bd5 13. Nfe5 cxd4 14. exd4 a5 15. Bg5 Qb7 16. f4 Be7 17. Nxd7 Nxd7 18. Bxe7 Kxe7 19. f5 Nf6 20. fxe6 fxe6 21. Qe5 Rhd8 22. Rac1 Rd7 23. Qg3 Kf8 24. Ne5 Re7 25. Bc2 Be4 26. Bxe4 Qxe4 27. Rf4 Qd5 28. Rcf1 Kg8 29. Rxf6 Qxd4+ 30. R6f2 Rc8 31. Nc6 Rxc6 32. Qb8+ 1-0

[Event "Asian-ch"]
[Site "Calcutta"]
[Date "2001.08.09"]
[Round "1"]
[White "Vladimirov, Evgeny"]
[Black "Murshed, Niaz"]
[Result "1-0"]
[WhiteElo "2612"]
[BlackElo "2453"]
[PlyCount "59"]
[EventDate "2001.08.09"]
[Source "ChessBase"]
[SourceDate "2001.11.13"]

1. Nf3 Nf6 2. d4 d5 3. c4 dxc4 4. e3 e6 5. Bxc4 a6 6. O-O c5 7. Qe2 b5 8. Bb3 Bb7 9. a4 b4 10. Nbd2 Nbd7 11. a5 Be7 12. Nc4 O-O 13. Bd2 cxd4 14. exd4 Qb8 15. Rfe1 Bd5 16. Bc2 Qb7 17. Nce5 b3 18. Bd3 Nxe5 19. dxe5 Nd7 20. Rac1 Rfd8 21. Ng5 h6 22. Nxf7 Kxf7 23. Qh5+ Kg8 24. Bxh6 Nf8 25. Re3 Rac8 26. Rxc8 Rxc8 27. Rg3 Bd8 28. Bxa6 Qxa6 29. Rxg7+ Kh8 30. Qf7 1-0

[Event "Groningen op"]
[Site "Groningen"]
[Date "1994.??.??"]
[Round "11"]
[White "Brenninkmeijer, Joris"]
[Black "Graf, Alexander"]
[Result "1-0"]
[WhiteElo "2490"]
[BlackElo "2575"]
[PlyCount "79"]
[EventDate "1994.12.??"]
[Source "ChessBase"]

1. d4 d5 2. Nf3 Nf6 3. c4 dxc4 4. e3 e6 5. Bxc4 c5 6. O-O a6 7. Qe2 b5 8. Bb3 Bb7 9. a4 b4 10. Rd1 Nbd7 11. Nbd2 Qc7 12. Nc4 Be7 13. Nfe5 O-O 14. a5 Rac8 15. Bd2 cxd4 16. exd4 Bd5 17. Rac1 Qb7 18. Ba4 Nxe5 19. dxe5 Nd7 20. Ne3 Rxc1 21. Bxc1 Bc6 22. Bxc6 Qxc6 23. Nc4 Rc8 24. Be3 Qb5 25. Rxd7 Qxd7 26. Nb6 Qb7 27. Nxc8 Qxc8 28. g3 b3 29. Qd3 Qc2 30. Qxa6 Qxb2 31. Qa8+ Bf8 32. a6 Qc2 33. a7 b2 34. Qxf8+ Kxf8 35. a8=Q+ Ke7 36. Qb7+ Ke8 37. Qb5+ Kd8 38. Bb6+ Kc8 39. Qa6+ Kd7 40. Qb7+ 1-0

[Event "Petrov mem"]
[Site "St Petersburg"]
[Date "1998.??.??"]
[Round "5"]
[White "Burmakin, Vladimir"]
[Black "Volzhin, Alexander"]
[Result "1/2-1/2"]
[WhiteElo "2550"]
[BlackElo "2510"]
[PlyCount "48"]
[EventDate "1998.??.??"]
[Source "www.chesslib.no"]
[SourceDate "2004.05.04"]

1. d4 d5 2. Nf3 Nf6 3. c4 dxc4 4. e3 e6 5. Bxc4 c5 6. O-O a6 7. Qe2 b5 8. Bb3 Bb7 9. a4 b4 10. Rd1 Nbd7 11. Nbd2 Be7 12. Nc4 O-O 13. Bc2 Qc7 14. Nfe5 Rac8 15. b3 cxd4 16. exd4 Nd5 17. Bd2 Nxe5 18. dxe5 Nb6 19. Bd3 Nxc4 20. Bxc4 Qc6 21. Qg4 Rfd8 22. Bh6 g6 23. h3 Rxd1+ 24. Rxd1 Rd8 1/2-1/2

[Event "JUG-chT"]
[Site "Niksic"]
[Date "1996.??.??"]
[Round "?"]
[White "Ilincic, Zlatko"]
[Black "Drasko, Milan"]
[Result "1/2-1/2"]
[WhiteElo "2555"]
[BlackElo "2505"]
[PlyCount "21"]
[EventDate "1996.??.??"]
[Source "www.chesslib.no"]
[SourceDate "2004.05.04"]

1. d4 d5 2. c4 dxc4 3. Nf3 a6 4. e3 Nf6 5. Bxc4 e6 6. O-O c5 7. Qe2 b5 8. Bb3 Bb7 9. Rd1 Nbd7 10. Nc3 Qc7 11. a3 1/2-1/2